| 000 | 01092cab a2200193 4500 | ||
|---|---|---|---|
| 001 | L129340 | ||
| 008 | 050413n2005 000 0 eng u | ||
| 035 | _a(Sirsi) u129340 | ||
| 041 | _aeng | ||
| 100 | _aWood, Gerard D. | ||
| 245 | _aMain contractor experiences of partnering relationships on UK construction projects | ||
| 260 | _c2005 | ||
| 490 |
_aConstruction Management and Economics _v23(3) March 2005, 317-325(9) |
||
| 520 | _aDiscusses the results of a pilot study which gathers the opinions of commercial surveyors and managers within the UK construction industry on the subject of partnering. The perceptions of the partnering relationships are generally positive, but this is not usually sustained throughout the project lifecycle. The growth of alternative procurement methods are regarded as having placed contracting parties on a more equal footing, but in today's competitive environment financial concerns remain the commercial manager's principal consideration. | ||
| 590 | _aIKA150405 | ||
| 690 |
_aProcurement _96260 |
||
| 700 | _aEllis, Robert C. T. | ||
| 942 | _n0 | ||
| 999 |
_c75075 _d75075 |
||